000
00256nam a22001217a 4500
003
SGT
082
_a
618.92
_b
C17C
100
_a
CHEUNG. RONNY
245
_a
100 CASES IN PEDIATRICS
260
_a
BACA RATON
_b
CRC
_c
2017
300
_a
331
942
_2
ddc
_c
BK
999
_c
14992
_d
14992